000 00580nam a2200181Ia 4500
999 _c37140
_d37140
003 OSt
005 20210122095128.0
008 190216s9999||||xx |||||||||||||| ||und||
040 _coclc
082 _a547.1223
_bKAL/O
100 _aKalsi, P S
_94097
245 0 _aOrganic Reactions Stereochemistry And Mechanism :
_bThrough Solved Problems /
_cP S Kalsi
250 _a4th Edn.
260 _bNew Age International Publishers,
_c2012.
_aNew Delhi:
300 _a593p
650 _aChemistry-Chemistry
942 _cREF
_2ddc
_h547.1223
_iKAL/O
_k547.1223
_mKAL/O